000
00262nam a2200097Ia 4500
008
230915s9999 xx 000 0 und d
050
_a
RG 524 .M95 2016
100
_a
MARSHALL,JAYNE (EDITOR)
245
0
_a
MYLES TEXTBOOK FOR MIDWIVES:AFRICAN EDITION
942
_c
BK
999
_c
198804
_d
198804